01717 2200433 4500001002100000005001500021035002000036008004100056020001800097041000800115082001200123084001600135100007100151245010200222250001200324260004500336300003100381500002300412504001100435520038300446650003200829650002200861990002500883990002500908990002500933990002500958990002500983990002501008990002501033990002501058990002501083990002501108990002501133990002501158990002501183990002501208990002501233990002501258INLIS00000000000817520221112010546 a0010-0520008175221112 | | ind  a9789794614945 aind a808.066 a808.066 KAR0 aKarya Tulis Ilmiah Sosial : Menyiapkan, Menulis, dan Mencermatinya1 aKarya Tulis Ilmiah Sosial : Menyiapkan, Menulis, dan Mencermatinya /cEdited by Yunita T. Winarto aEd.ke-2 aJakarta :bYayasan Obor Indonesia,c2007 aix, 205p. ; 24 cm ;c24 cm aIndeks : p.194-202 ap. 193 aBuku ini secara khusus ditujukan untuk meningkatkan kemampuan menulis karya ilmiah di bidang ilmu sosial masih kurang memadai. Di lain pihak, menuangkan gagasan ilmiah secara tertulis bukanlah hal yang mudah. Bertolak dari masalah tersebut, buku ini terbit untuk memperkaya khazanah pustaka tentang panduan dalam mempersiapkan, menulis dan mencermati karya tulis ilimiah sosial. 4aSocial Science, Methodology 4aTechnical writing a18831/MKRI-P/XI-2010 a18832/MKRI-P/XI-2010 a18833/MKRI-P/XI-2010 a18834/MKRI-P/XI-2010 a18831/MKRI-P/XI-2010 a18832/MKRI-P/XI-2010 a18833/MKRI-P/XI-2010 a18834/MKRI-P/XI-2010 a18831/MKRI-P/XI-2010 a18832/MKRI-P/XI-2010 a18833/MKRI-P/XI-2010 a18834/MKRI-P/XI-2010 a18832/MKRI-P/XI-2010 a18831/MKRI-P/XI-2010 a18833/MKRI-P/XI-2010 a18834/MKRI-P/XI-2010